000 00484nam a2200181Ia 4500
999 _c14792
_d14792
003 OSt
005 20201104103915.0
008 190216s9999||||xx |||||||||||||| ||und||
020 _a978812540125
040 _coclc
082 _a822.1
_bEDI/P
245 2 _aA Book Of Plays /
_cA group of Editors
250 _a2ND
260 _bOrient Black Swans,
_c2011.
_aChennai:
300 _a124p
650 _aEnglish
942 _cBK
_2ddc
_h822.1
_iEDI/B
_k822.1
_mEDI/B